000 01302nam a2200301 i 4500
001 196543
003 ES-MaACL
005 20241016063115.0
007 ta
008 241004b1977 sp ||||| |||| 00| 0 spa d
017 _aM. Sep. 3.875-1958
040 _bspa
_cES-MaACL
_dES-MaACL
100 0 _963469
_aHesse, Carlota
_eaut
245 1 _aPoema de la hermosa dama vestida de blanco y Lancelot, el capitán de dragones más valiente del mundo /
_cCarlota Hesse
260 _a[Madrid :
_bs.n.],
_c1977.
_f(Imp. FARESO)
300 _a6 p. ;
_c24 cm
336 _2rdacontent
_atexto
337 _2rdamedia
_asin mediación
338 _2rdacarrier
_avolumen
500 _aTirada aparte de la revista "Cuadernos Hispanoamericanos" n.º 326-27
655 7 _2tgfbne
_9226859
_aPoemas en prosa
852 _aES-MaACL
_cDEPOF
_jFOLL-BUE-37
_gDedicatoria manuscrita de la autora, Carlota Hesse, para Antonio Buero Vallejo en cubierta reverso: "En recuerdo a un amigo de mi padre y con un fuerte abrazo [Firma]".
_hLegado: Antonio buero Vallejo
_9204263
903 _932421
_aBuero Vallejo, Antonio,
_q1
_d1916-2000
_ednr
942 _n0
_cFOLLETOS
999 _c196543
_d196543